Η ελληνική λογοτεχνία : καλλιτεχνία και επιστήμη δια μέσου των αιώνων
Αποθηκεύτηκε σε:
| Κύριος συγγραφέας: | |
|---|---|
| Μορφή: | Βιβλίο |
| Γλώσσα: | Greek |
| Δημοσίευση: |
Εν Αθήναις :
[χ.ό.],
1948
|
| Θέματα: | |
| Ετικέτες: |
Προσθήκη ετικέτας
Δεν υπάρχουν, Καταχωρήστε ετικέτα πρώτοι!
|
MARC
| LEADER | 00000cam a2200000 i 4500 | ||
|---|---|---|---|
| 001 | 1/92999 | ||
| 008 | 080902s1948 gre d | ||
| 035 | |l 10099832 | ||
| 040 | |a GR-MY-UA |b gre |e aacr | ||
| 041 | 0 | |a gre | |
| 082 | 0 | |a 880.09 |2 (22) | |
| 100 | 1 | |a Καθάρειος, Αλέξανδρος Δ. | |
| 245 | 1 | 2 | |a Η ελληνική λογοτεχνία : |b καλλιτεχνία και επιστήμη δια μέσου των αιώνων / |c Αλεξάνδρου Δ. Καθάρειου |
| 260 | |a Εν Αθήναις : |b [χ.ό.], |c 1948 | ||
| 300 | |a 415 σ.; |c 22 εκ. | ||
| 500 | |a "Ιστορική απεικόνισις των ελληνικών γραμμάτων, τεχνών και επιστημών από της εμφανίσεως αυτών μέχρι των καθ' ημάς χρόνων (3000 π.Χ. - 1945 μ.Χ.)" | ||
| 650 | 0 | |a Greek literature, Modern |x History and criticism. | |
| 650 | 0 | 0 | |a Classical literature |x History and criticism. |
| 852 | |a INST |b RHODES |c AKA |e 20080902 |h 880.09 ΚΑΘ |p 005400028733 |q 005400028733 |t BK |y 0 | ||
| 901 | |a BIBL4-2008-3 | ||
| 970 | |a ΚΟΖΑ |b ΜΑΡΙΑ |z 2008/09/02 | ||